Statistiques concernant Devinez l'État Américain Mystère #22

Cliquez ici pour prendre le quiz!

Statistiques générales

  • Ce quiz a été pris 125 fois
  • Le résultat moyen est 32 sur 35

Statistiques - réponses

Type de RéponseRéponse% Correct
Lettre TrouvéeA
100%
Lettre TrouvéeE
100%
Lettre de l'AlphabetL
100%
Lettre TrouvéeR
100%
Lettre de l'AlphabetO
99%
Lettre de l'AlphabetI
98%
Lettre TrouvéeN
98%
Lettre TrouvéeS
98%
Lettre de l'AlphabetC
97%
Lettre de l'AlphabetD
97%
Lettre de l'AlphabetM
97%
Lettre de l'AlphabetT
97%
Lettre de l'AlphabetW
96%
Lettre de l'AlphabetY
96%
Lettre de l'AlphabetG
95%
Lettre de l'AlphabetH
95%
Lettre TrouvéeK
94%
Lettre de l'AlphabetF
92%
Lettre de l'AlphabetU
92%
Lettre Bien PlacéeE
91%
Lettre de l'AlphabetV
89%
Lettre Bien PlacéeK
86%
Lettre de l'AlphabetX
86%
Lettre de l'AlphabetJ
84%
Lettre de l'AlphabetP
84%
Lettre de l'AlphabetZ
83%
Lettre Bien PlacéeA
82%
Lettre TrouvéeB
82%
Lettre de l'AlphabetQ
82%
Lettre Bien PlacéeS
80%
Lettre Bien PlacéeA
79%
Lettre Bien PlacéeB
79%
Lettre Bien PlacéeN
79%
État MystèreNebraska
79%
Lettre Bien PlacéeR
79%

Distribution des résultats

Percentile par nombre de réponses

% des personnes avec chaque résultat

Votre développement - résultats

Vous n’avez pas pris ce quiz